Score 0/50 Timer 06:00
0 Plays Today
% Correct
Alaska
98.2%
Hawaii
96.4%
Florida
83.6%
Maine
83.6%
California
74.5%
Washington
72.7%
Arizona
67.3%
Michigan
67.3%
New Hampshire
67.3%
Connecticut
67.3%
Delaware
65.5%
New Jersey
63.6%
Rhode Island
63.6%
New York
61.8%
Vermont
61.8%
South Carolina
60%
Alabama
58.2%
Oregon
58.2%
Louisiana
58.2%
Arkansas
58.2%
Massachusetts
58.2%
Tennessee
56.4%
Texas
54.5%
New Mexico
54.5%
Missouri
54.5%
% Correct
Maryland
52.7%
Kentucky
50.9%
North Dakota
49.1%
Mississippi
49.1%
Colorado
49.1%
Montana
47.3%
Nevada
45.5%
Idaho
45.5%
Pennsylvania
45.5%
Minnesota
45.5%
Georgia
43.6%
Ohio
43.6%
Utah
43.6%
North Carolina
36.4%
Indiana
34.5%
West Virginia
32.7%
Iowa
32.7%
Virginia
30.9%
Wisconsin
30.9%
Oklahoma
29.1%
South Dakota
25.5%
Illinois
25.5%
Kansas
23.6%
Wyoming
21.8%
Nebraska
16.4%
Remove Ads.
Support Sporcle.
Get the best of Sporcle when you Go Orange. This ad-free experience offers more features, more stats, and more fun while also helping to support Sporcle. Thank you for becoming a member.

You're not logged in!

Compare scores with friends on all Sporcle quizzes.
OR
Log In

Show Comments

Extras

Top Quizzes Today


Score Distribution

Your Account Isn't Verified!

In order to create a playlist on Sporcle, you need to verify the email address you used during registration. Go to your Sporcle Settings to finish the process.

Report this User

Report this user for behavior that violates our Community Guidelines.

Details: